00517nam a22001577a 450000500170000001000150001702000260003203500140005803700130007208200120008510000160009724500660011326000380017927001030021730000390032020220511125338.0 aENG-132590 a9789386049810c895.00 aEN-116122 bDBAD/PUB a658.421 aKapil Kumar aSkills India:bDevelopment and Entrepreneurship/cKapil Kumar a DelhibSHIVANI BOOK AGENCYc2021 aA-55B, Gali No. 6, Jagatpuri Extn. Delhib Delhie110093k09560228505mshivanibookagency@gmail.com aviii,276pc23cm(hbk)bBibliography